Movies Quiz

Random Movies or Director Quiz

Top-Rated Movies by Director III Quiz Stats

Quiz not verified by Sporcle

Challenge
Share
Tweet
Embed
Score 0/80 Timer 12:00
0 Plays Today
% Correct
Pulp Fiction
94.1%
Star Wars
93.2%
The Lord of the Rings: The Return of the King
88.9%
The Lord of the Rings: The Two Towers
88.2%
The Lord of the Rings: The Fellowship of the Ring
88%
Kill Bill Volume 1
87.3%
The Dark Knight
85.9%
Reservoir Dogs
85%
Transformers
81.8%
Inglourious Basterds
80.9%
Batman Begins
79.8%
Kill Bill Volume 2
77.7%
Brokeback Mountain
71.6%
Memento
70.5%
Slumdog Millionaire
68.9%
King Kong
68.4%
Blazing Saddles
65.2%
A Nightmare on Elm Street
63.2%
The Prestige
62%
Crouching Tiger, Hidden Dragon
61.4%
Young Frankenstein
59.3%
American Graffiti
58.2%
Scream
57.7%
Halloween
57.5%
Scarface
53.9%
Sin City
53.6%
Planet Terror
53.2%
Star Wars Episode III: Revenge of the Sith
52%
Trainspotting
50%
Blue Velvet
49.8%
Mulholland Dr.
49.1%
Star Wars Episode II: Attack of the Clones
48.6%
Spaceballs
48.6%
The Thing
47%
The Producers
46.8%
Desperado
46.4%
28 Days Later
45.2%
Bad Boys
43.6%
The Rock
42.7%
The Elephant Man
41.1%
% Correct
Bad Boys 2
40.5%
Heavenly Creatures/Dead Alive
39.3%
A History of Violence
38%
The Untouchables
37.7%
MASH
37.5%
Nashville
36.6%
El Mariachi
36.1%
The Fly
35.9%
The Player/Short Cuts
32.7%
Carrie
32.5%
THX 1138
32%
The Following
32%
Dazed and Confused
30%
Eastern Promises
29.5%
Escape from New York
29.1%
Before Sunset
28.9%
Before Sunrise
28.4%
From Dusk Till Dawn
27.7%
The Island
23.6%
Lost Highway
23.2%
Videodrome
21.6%
Carlito's Way
20.2%
The Straight Story
20.2%
Sunshine
20.2%
Sense and Sensibility
18.9%
Blow Out/Dressed to Kill
17%
Waking Life
16.6%
Assault on Precinct 13
13.9%
McCabe and Mrs. Miller/The Secret Honor/The Long Goodbye
13.4%
Shallow Grave
13.2%
Big Trouble in Little China
13%
The Dead Zone/Dead Ringers
13%
Red Eye
11.8%
Lust, Caution
11.1%
Eat Drink Man Woman
6.1%
Music of the Heart
5%
The Twelve Chairs
4.5%
3 Women
3.2%
Me and Orson Welles
2%
Paris, Je T'Aime
1.6%

You're not logged in!

Compare scores with friends on all Sporcle quizzes.
Join for Free
OR
Log In

You Might Also Like...

Show Comments

Extras

Created Jan 31, 2010ReportNominate
Tags:Director Quiz, top-rated

Top Quizzes Today


Score Distribution

Your Account Isn't Verified!

In order to create a playlist on Sporcle, you need to verify the email address you used during registration. Go to your Sporcle Settings to finish the process.

Report this User

Report this user for behavior that violates our Community Guidelines.

Details: